000 00687nam a2200193 u 4500
001 000334457
003 AM-YeHGA
005 20250617130848.0
008 040225s1973 ai r 000 0 arm d
040 _aAM-YeHGA
041 1 _aarm
100 1 _aՑուզմեր, Աննա Մուսեևնա.
245 1 0 _aՄարդ :
_bԱնատոմիա, ֆիզիոլոգիա, հիգիենա : Դասագիրք միջն. դպր. 8-րդ դաս. համար /
_cԱ.Մ. Ցուզմեր, Օ.Լ. Պետրիշինա.
250 _a4-րդ հրատ.
260 _aԵրևան :
_bԼույս,
_c1973.
300 _a320 էջ :
_bնկ. ;
_c22 սմ.
650 1 4 _aԱնատոմիա
_vդասագիրք
090 _c127155
999 _c125797
_d125797